01489nam a2200241 a 4500008004100000020001500041050001500056100001700071245003700088260008300125300002000208350000900228490006500237650001100302650002000313995016700333995016800500995016800668999001700836952012600853952013400979952013401113081215s2005 ||||||||||||||||| || u a1919976167 aQK 413 Loo aLoots, Sonja10aRed data book of Namibian plants aPretoriabSouthern African Botannical Diversity Network report( SABONET)c2005 aiv, 124p.: ill. a0.00 aSouthern African Botannical Diversity Network report, no. 38 aPLANTS aPLANTS--NAMIBIA aANNEX COLLECTION (Main Library)D105000.00e739028FCBU-MAIN LIBRARY (Kitwe)H1I0.00jQK 413 LooM3UAVAILABLEWDec 15, 2008y739028ZAnnex Low-Usage Collection  aMAIN LIBRARY OPEN ACCESSD105000.00e739026FCBU-MAIN LIBRARY (Kitwe)H1I0.00jQK 413 LooM1UAVAILABLEWDec 15, 2008y739026ZMain Library Open Access Collection aMAIN LIBRARY OPEN ACCESSD105000.00e739030FCBU-MAIN LIBRARY (Kitwe)H1I0.00jQK 413 LooM5UAVAILABLEWDec 15, 2008y739030ZMain Library Open Access Collection c80008d80008 00102lcc4070a001b001cAnnex Low-Usage Collection d2023-06-29l0oQK 413 Loop739028r2023-06-29t1w2023-06-29y002 00102lcc4070a001b001cMain Library Open Access Collectiond2023-06-29l0oQK 413 Loop739026r2023-06-29t2w2023-06-29y002 00102lcc4070a001b001cMain Library Open Access Collectiond2023-06-29l0oQK 413 Loop739030r2023-06-29t3w2023-06-29y002